Classical Electrodynamic (Record no. 1715359)

MARC details
000 -LEADER
fixed length control field 01779 a2200229 4500
005 - DATE AND TIME OF LATEST TRANSACTION
control field 20260422145630.0
008 - FIXED-LENGTH DATA ELEMENTS--GENERAL INFORMATION
fixed length control field 260422b |||||||| |||| 00| 0 eng d
020 ## - INTERNATIONAL STANDARD BOOK NUMBER
International Standard Book Number 9781032848310
040 ## - CATALOGING SOURCE
Original cataloging agency CSL
Transcribing agency CSL
041 ## - LANGUAGE CODE
Source of code eng
Language code of text/sound track or separate title eng
084 ## - COLON CLASSIFICATION NUMBER
Classification number CM65 R5 CARPA
Assigning agency CSL
100 ## - MAIN ENTRY--PERSONAL NAME
Personal name Leek, Meng Lee
9 (RLIN) 1132011
Relator term author.
245 ## - TITLE STATEMENT
Title Classical Electrodynamic
Remainder of title : Concise and Detailed Guide
260 ## - PUBLICATION, DISTRIBUTION, ETC.
Place of publication, distribution, etc. Boca Raton :
Name of publisher, distributor, etc. CRC Press ,
Date of publication, distribution, etc. 2025 .
300 ## - PHYSICAL DESCRIPTION
Extent ix, 163p.
Other physical details : ill.
Dimensions ; 26cm.
520 ## - SUMMARY, ETC.
Summary, etc. Classical Electrodynamics: A Concise and Detailed Guide covers the essential theoretical foundations of electrodynamics from the vector calculus formulation to the classical gauge field theory. The essential theoretical formalism of electrodynamics is covered with all mathematical derivations provided. The derivations are uniquely presented with inline, line-by-line explanations, which makes every derivation easy to follow. The reader does not need to struggle to fill in the steps, and the reader can focus on pondering over the physical content and implications of the derived results. The content is supplemented with numerous exercises with their complete solutions included. This book is for students who are interested in theoretical physics and seek an efficient but proper preparation of the essential knowledge in electrodynamics and classical gauge field theory. With this background knowledge, the student will be able to progress further into concepts beyond electrodynamics, like general relativity or quantum gauge field theories.
650 ## - SUBJECT ADDED ENTRY--TOPICAL TERM
Topical term or geographic name entry element Spacial relativity.
9 (RLIN) 1235392
650 ## - SUBJECT ADDED ENTRY--TOPICAL TERM
Topical term or geographic name entry element Radiation.
650 ## - SUBJECT ADDED ENTRY--TOPICAL TERM
Topical term or geographic name entry element Gauge theory.
9 (RLIN) 1235393
650 ## - SUBJECT ADDED ENTRY--TOPICAL TERM
Topical term or geographic name entry element Electromagnetism.
9 (RLIN) 851818
942 ## - ADDED ENTRY ELEMENTS (KOHA)
Koha item type Textual
Source of classification or shelving scheme Colon Classification (CC)
Classification part CM65 R5 CARPA
Holdings
Withdrawn status Lost status Source of classification or shelving scheme Damaged status Not for loan Home library Current library Date acquired Source of acquisition Cost, normal purchase price Total Checkouts Full call number Barcode Date last seen Cost, replacement price Price effective from Koha item type
    Colon Classification (CC)     Central Science Library Department of Physics and Astrophysics Library 2025-11-21 Global education 4910.26   CM65 R5 CARPA PA0007697 2026-03-25 6137.83 2026-03-25 Textual
Copyright @ Delhi University Library System